[Event "FIDE GP"]
[Site "Moscow RUS"]
[Date "2002.06.01"]
[Round "1.5"]
[White "Motylev,A"]
[Black "Ivanchuk,V"]
[Result "0-1"]
[WhiteElo "2622"]
[BlackElo "2711"]

1.e4 e5 2.Nf3 Nc6 3.d4 exd4 4.Nxd4 Nf6 5.Nxc6 bxc6 6.e5 Qe7 7.Qe2 Nd5 8.c4 Ba6
9.b3 g6 10.f4 g5 11.Ba3 Qd8 12.g3 Bxa3 13.Nxa3 gxf4 14.Qe4 Qe7 15.cxd5 Qxa3
16.Bxa6 Qxa6 17.gxf4 Qa5+ 18.Kf2 Qd2+ 19.Kf3 cxd5 20.Qe3 Qxe3+ 21.Kxe3 Ke7
22.Kd4 c6 23.Rag1 a5 24.f5 Rab8 25.Rg7 Rb4+ 26.Kd3 Re4 27.e6 dxe6 28.f6+ Kxf6
29.Rhg1 Rf4 30.Ke3 Rf5 31.R7g4 Rb8 32.Rh4 h5 33.Ra4 Rb4 34.Rxa5 d4+ 35.Kd3 Rxa5  0-1

[Event "FIDE GP"]
[Site "Moscow RUS"]
[Date "2002.06.01"]
[Round "1.4"]
[White "Motylev,A"]
[Black "Ivanchuk,V"]
[Result "1/2-1/2"]
[WhiteElo "2622"]
[BlackElo "2711"]

1.e4 e6 2.d4 d5 3.Nd2 c5 4.Ngf3 cxd4 5.exd5 Qxd5 6.Bc4 Qd6 7.O-O Nf6 8.Nb3 Nc6
9.Nbxd4 Nxd4 10.Qxd4 Qxd4 11.Nxd4 Bd7 12.Be2 Bc5 13.Nb3 Bb6 14.a4 a5 15.c4 Bc6
16.Bf4 Ne4 17.Bf3 Nc5 18.Bxc6+ bxc6 19.Nxc5 Bxc5 20.Rfd1 Ke7 21.Rd3 Rhd8
22.Rad1 Rxd3 23.Rxd3 f6 24.Bd2 Rb8 25.b3 Bb4 26.Be3 e5 27.f3 Rb7 28.Kf2 f5
29.Ke2 Ke6 30.Kd1 Rd7 31.Kc2 Rxd3  1/2-1/2

[Event "FIDE GP"]
[Site "Moscow RUS"]
[Date "2002.06.01"]
[Round "1.3"]
[White "Ivanchuk,V"]
[Black "Motylev,A"]
[Result "1/2-1/2"]
[WhiteElo "2711"]
[BlackElo "2622"]

1.d4 d5 2.c4 c6 3.Nf3 Nf6 4.Nc3 dxc4 5.a4 Bf5 6.e3 e6 7.Bxc4 Bb4 8.O-O O-O
9.Qe2 Nbd7 10.e4 Bg6 11.Bd3 Bh5 12.Bf4 Qe7 13.e5 Nd5 14.Nxd5 cxd5 15.Qe3 Bg6
16.Bg5 Qe8 17.Bxg6 fxg6 18.Rfc1 h6 19.Qb3 a5 20.Be3 Nb6 21.Qd1 Nc4 22.b3 Nxe3
23.fxe3 g5 24.Rc7 Rf7 25.Rac1 Rxc7 26.Rxc7 Rc8 27.Rxc8 Qxc8 28.h3 Qc3 29.Kf2 Ba3
30.Ne1 Bb4 31.Nd3 Be7 32.Ke2 Kf7 33.Qb1 Ba3 34.Qd1  1/2-1/2

[Event "FIDE GP"]
[Site "Moscow RUS"]
[Date "2002.06.01"]
[Round "1.2"]
[White "Motylev,A"]
[Black "Ivanchuk,V"]
[Result "1-0"]
[WhiteElo "2622"]
[BlackElo "2711"]

1.e4 e5 2.Nf3 Nc6 3.d4 exd4 4.Nxd4 Bc5 5.Nxc6 Qf6 6.Qd2 dxc6 7.Nc3 Qe7 8.Qg5 Nf6
9.Be3 Bd6 10.Be2 h6 11.Qh4 O-O 12.Bd4 Re8 13.Bxf6 Qxf6 14.Qxf6 gxf6 15.Bd3 Be5
16.Kd2 Bf4+ 17.Ke2 Be5 18.Kd2 Bf4+ 19.Kd1 Be5 20.Rf1 c5 21.Na4 Bd6 22.c4 Be5
23.Kc2 b6 24.Nc3 Bb7 25.Nd5 Rad8 26.Rae1 Bxd5 27.cxd5 f5 28.exf5 Bd4 29.f4 Kf8
30.Bb5 Rxe1 31.Rxe1 Rxd5 32.Re8+ Kg7 33.g4 Bf6 34.Rc8 Rd4 35.Rxc7 Rxf4 36.Be8 Rc4+
37.Kb1 Bg5 38.a3 Rxg4 39.Rxf7+ Kg8 40.Rxa7 Rg2 41.Rb7 Rxh2 42.Rxb6 Rf2 43.Bg6 c4
44.a4 Be3 45.Rb7 Bd4 46.a5 h5 47.a6 h4 48.a7 Bxa7 49.Rxa7 h3 50.Bf7+ Kf8
51.Bxc4 h2 52.Rh7  1-0

[Event "FIDE GP"]
[Site "Moscow RUS"]
[Date "2002.06.01"]
[Round "1.1"]
[White "Ivanchuk,V"]
[Black "Motylev,A"]
[Result "1-0"]
[WhiteElo "2711"]
[BlackElo "2622"]

1.d4 d5 2.c4 c6 3.Nf3 Nf6 4.Nc3 dxc4 5.a4 Bf5 6.e3 e6 7.Bxc4 Bb4 8.O-O Nbd7
9.Qe2 Bg4 10.Rd1 Qa5 11.e4 O-O 12.h3 Bxf3 13.Qxf3 e5 14.d5 Nb6 15.Bb3 Bxc3
16.bxc3 cxd5 17.exd5 Rac8 18.c4 Nxc4 19.Bg5 Qb6 20.d6 Nd7 21.Qg4 Qxb3 22.Bh6 g6
23.Qxd7  1-0

[Event "RUS vs. ROW"]
[Site "Moscow RUS"]
[Date "2002.09.08"]
[Round "1"]
[White "Motylev,A"]
[Black "Anand,V"]
[Result "0-1"]
[WhiteElo "2634"]
[BlackElo "2755"]

1.e4 c6 2.d4 d5 3.e5 Bf5 4.Nc3 e6 5.g4 Bg6 6.Nge2 c5 7.Be3 Nc6 8.dxc5 a6
9.Nd4 h5 10.Nxc6 bxc6 11.g5 Ne7 12.Bh3 Rb8 13.Qd4 Bf5 14.Bg2 Bxc2 15.Qd2 Bg6
16.Na4 Nf5 17.O-O Be7 18.f4 Nxe3 19.Qxe3 Qa5 20.b3 Rb4 21.Kh1 O-O 22.Rac1 Rfb8
23.f5 Bxf5 24.Rxf5 exf5 25.e6 Qc7 26.exf7+ Kxf7 27.Re1 Re4 28.Bxe4 fxe4 29.Qh3 g6
30.Nb6 Rd8 31.Rf1+ Kg7 32.Qe6 Bxg5 33.Rg1 Bf6 34.Rf1 Qe7 35.Qxc6 e3 36.Nxd5 e2  0-1

[Event "RUS vs. ROW"]
[Site "Moscow RUS"]
[Date "2002.09.08"]
[Round "2"]
[White "Ponomariov,R"]
[Black "Motylev,A"]
[Result "1/2-1/2"]
[WhiteElo "2743"]
[BlackElo "2634"]

1.e4 e5 2.Nf3 Nf6 3.Nxe5 d6 4.Nf3 Nxe4 5.d4 d5 6.Bd3 Bd6 7.O-O O-O 8.c4 c6
9.Qc2 Na6 10.a3 f5 11.c5 Bb8 12.Bxa6 bxa6 13.Nc3 f4 14.Re1 Bf5  1/2-1/2

[Event "RUS vs. ROW"]
[Site "Moscow RUS"]
[Date "2002.09.09"]
[Round "3"]
[White "Motylev,A"]
[Black "Ivanchuk,V"]
[Result "1/2-1/2"]
[WhiteElo "2634"]
[BlackElo "2711"]

1.e4 e5 2.Nf3 Nc6 3.Bb5 a6 4.Ba4 Nf6 5.O-O Be7 6.Re1 b5 7.Bb3 d6 8.c3 O-O
9.h3 Nb8 10.d4 Nbd7 11.Nbd2 Bb7 12.Bc2 Re8 13.Nf1 Bf8 14.Ng3 g6 15.a4 Nb6
16.b3 Bg7 17.a5 Nbd7 18.d5 Qe7 19.c4 c5 20.Nh2 b4 21.Be3 h5 22.Qd2 Nh7 23.Rf1 Rf8
24.Ra2 Rae8 25.Bb1 Bc8 26.f3 Bf6 27.Bh6 Bg7 28.Be3 Bf6 29.Bh6  1/2-1/2

[Event "RUS vs. ROW"]
[Site "Moscow RUS"]
[Date "2002.09.09"]
[Round "4"]
[White "Leko,P"]
[Black "Motylev,A"]
[Result "1-0"]
[WhiteElo "2722"]
[BlackElo "2634"]

1.e4 e5 2.Nf3 Nf6 3.Nxe5 d6 4.Nf3 Nxe4 5.d4 d5 6.Bd3 Nc6 7.O-O Be7 8.c4 Nf6
9.Nc3 O-O 10.cxd5 Nxd5 11.Be4 Be6 12.Re1 Bf6 13.a3 h6 14.Bc2 Nde7 15.Be3 Nf5
16.Ne2 Nxe3 17.fxe3 Bg4 18.Nf4 g6 19.h3 Bxf3 20.Qxf3 Bg7 21.Be4 Rb8 22.Rac1 Ne7
23.Bxb7 c6 24.Bxc6 Nxc6 25.Rxc6 Rxb2 26.Rec1 Qa5 27.R1c3 Rd8 28.Rc7 Qf5 29.R3c5 Qb1+
30.Kh2 Qa2 31.Rd5 Rxd5 32.Qxd5 Qxd5 33.Nxd5 Bf8 34.Nf6+ Kg7 35.Ne8+ Kg8 36.Rxa7 Rb8
37.Nf6+ Kg7 38.Nd7 Bd6+ 39.Ne5 Kg8 40.Ra6 Bxe5+ 41.dxe5 Rb3 42.e4 Re3 43.Ra4 Kf8
44.Kg1 Ke7 45.Kf2 Rc3 46.Ra6 h5 47.h4 Rb3 48.a4 Rc3 49.a5 Ra3 50.g3 Kf8 51.e6 fxe6
52.Rxe6 Kf7 53.Re5 Kf6 54.Rg5 Rb3 55.Ke2 Rc3 56.Kd2 Ra3 57.Kc2 Re3 58.e5+ Kf7
59.Kb2 Re2+ 60.Kb3 Re1 61.Kb4 Rb1+ 62.Kc5 Rc1+ 63.Kb6 Rb1+ 64.Ka7 Rb3 65.a6 Ke6
66.Ka8 Kd5 67.a7 Rb4 68.Rxg6 Kxe5 69.Rg8 Kd6 70.Rb8 Ra4 71.Kb7 Rb4+ 72.Ka6 Ra4+
73.Kb6 Kd5  1-0

[Event "RUS vs. ROW"]
[Site "Moscow RUS"]
[Date "2002.09.10"]
[Round "6"]
[White "Shirov,A"]
[Black "Motylev,A"]
[Result "1-0"]
[WhiteElo "2697"]
[BlackElo "2634"]

1.e4 e5 2.Nf3 Nf6 3.Nxe5 d6 4.Nf3 Nxe4 5.Nc3 Nxc3 6.dxc3 Be7 7.Bf4 O-O 8.Qd2 Nd7
9.O-O-O Nc5 10.Be3 Be6 11.Kb1 a6 12.Nd4 Bd7 13.f3 Re8 14.h4 Na4 15.Bg5 b5
16.Bd3 Nb6 17.Qf4 c5 18.Nf5 Bxf5 19.Bxf5 d5 20.Rhe1 g6 21.Bh3 Bxg5 22.hxg5 Re7
23.Bg4 Qe8 24.Rh1 Qf8 25.Qf6 Nd7 26.Bxd7 Rxd7 27.Rxh7  1-0

[Event "ECC"]
[Site "Halkidiki GRE"]
[Date "2002.09.22"]
[Round "1"]
[White "Motylev,A"]
[Black "Olafsson,H"]
[Result "1-0"]
[WhiteElo "2634"]
[BlackElo "2476"]

1.e4 c5 2.Nf3 d6 3.d4 cxd4 4.Nxd4 Nf6 5.Nc3 a6 6.f3 e5 7.Nb3 Be6 8.Be3 Nc6
9.Nd5 Bxd5 10.exd5 Ne7 11.c4 g6 12.a4 h5 13.a5 Bh6 14.Bxh6 Rxh6 15.Qd2 Rh8
16.f4 Nf5 17.fxe5 Ng4 18.exd6 Qh4+ 19.g3 Nxg3 20.hxg3 Qxg3+ 21.Kd1 Qxb3+
22.Kc1 Qg3 23.c5 Rc8 24.b4 Qxd6 25.Ra3 Kd8 26.Bc4 Qf6 27.Rf1 Qh4 28.Qf4 Rc7
29.d6 Rd7 30.b5 g5 31.bxa6 gxf4 32.a7 Ke8 33.a8=Q+ Qd8 34.Qxd8+ Rxd8 35.a6  1-0

[Event "GMA"]
[Site "Bermuda BER"]
[Date "2003.01.27"]
[Round "3"]
[White "Motylev,A"]
[Black "Macieja,B"]
[Result "1/2-1/2"]
[WhiteElo "2640"]
[BlackElo "2629"]

1.e4 c5 2.Nf3 Nc6 3.d4 cxd4 4.Nxd4 g6 5.c4 Nf6 6.Nc3 d6 7.Be2 Nxd4 8.Qxd4 Bg7
9.Be3 O-O 10.Qd2 Be6 11.O-O Qa5 12.Rab1 Rfc8 13.b3 Ng4 14.Nd5 Qxd2 15.Bxd2 Bxd5
16.exd5 Nf6 17.Bd3 Nd7 18.Rfe1 Kf8 19.Bf1 a5 20.Bg5 Bf6 21.Bh6+ Kg8 22.g3 Rc7
23.h4 Re8 24.Re2 Ne5 25.Bh3 a4 26.Be3 Nf3+ 27.Kg2 Nd4 28.Rd2 Nf5 29.Bb6 Rcc8
30.h5 axb3 31.axb3 Ra8 32.b4 Ra4 33.Rb3 Ra1 34.Bxf5 gxf5 35.Be3 Rc8 36.c5 Kg7
37.Rc2 Rd1 38.c6 b5 39.Ra3 Rxd5 40.Ra7 Bd4 41.Rxe7 Kf6 42.Rb7 Bxe3 43.fxe3 h6
44.Kf2 Ke6 45.Ke2 Re5 46.Rb6 Ke7 47.Ra2 Re4 48.Rxb5 Rxc6 49.Rxf5 Rc3 50.Rf3 Rxb4
51.Ra7+ Ke8 52.Rfxf7 Re4 53.Kf2 Rexe3 54.Rg7 Rf3+ 55.Kg2 Kf8 56.Rg6 d5 57.Rh7 Rf7
58.Rhxh6 d4 59.Rh8+ Ke7 60.h6 Rc2+ 61.Kh3 Rc1 62.Rg4 Rf6 63.Rg7+ Ke6 64.Kg4 Rh1
65.Re8+ Kd6 66.Rd8+ Ke6 67.Rxd4 Rfxh6 68.Rf4 Rh7 69.Rg6+ Ke7 70.Rg5 Re1 71.Ra4 Rf7
72.Ra7+ Kf8 73.Ra8+ Ke7 74.Rgg8 Re4+ 75.Kh3 Kf6 76.g4 Re3+ 77.Kg2 Rg7 78.Rgf8+ Kg5
79.Ra4 Re5 80.Rh8 Rge7 81.Rg8+ Kh6 82.Kg3 R5e6 83.Ra5 Rg7 84.Rh8+ Kg6 85.Rah5 Re1
86.Ra5 Rg1+ 87.Kf2  1/2-1/2

[Event "GMA"]
[Site "Bermuda BER"]
[Date "2003.01.28"]
[Round "4"]
[White "Movsesian,S"]
[Black "Motylev,A"]
[Result "1/2-1/2"]
[WhiteElo "2663"]
[BlackElo "2640"]

1.g3 e5 2.Bg2 Nf6 3.d3 d5 4.Nf3 Nc6 5.O-O Be7 6.Nc3 O-O 7.e4 dxe4 8.dxe4 Bg4
9.Be3 Qc8 10.Bg5 Rd8 11.Qe1 Bxf3 12.Bxf3 Nd4 13.Bd1 c6 14.Kg2  1/2-1/2

[Event "GMA"]
[Site "Bermuda BER"]
[Date "2003.01.29"]
[Round "5"]
[White "Motylev,A"]
[Black "Miton,K"]
[Result "0-1"]
[WhiteElo "2640"]
[BlackElo "2544"]

1.e4 c6 2.d4 d5 3.e5 Bf5 4.Nc3 e6 5.g4 Bg6 6.Nge2 c5 7.Be3 Nc6 8.dxc5 Nxe5
9.Nd4 Nd7 10.b4 Be7 11.a3 Ngf6 12.g5 Ne4 13.Nxe4 Bxe4 14.f3 Bg6 15.c6 bxc6
16.Nxc6 Qc7 17.Nxe7 Kxe7 18.Rc1 Qc3+ 19.Kf2 a5 20.b5 Rhc8 21.Bd4 Qxa3 22.Bxg7 e5
23.Bh3 Qxc1 24.Qxc1 Rxc2+ 25.Qxc2 Bxc2 26.Bxd7 Kxd7 27.Bxe5 Bd3 28.b6 Kc6
29.Bd4 Re8 30.Ra1 Kb5 31.Rd1 Kc4 32.Be3 d4 33.Bd2 a4 34.b7 Rb8 35.Rc1+ Kd5
36.Rc7 Ba6 37.Rxf7 Rxb7 38.Rf5+ Kc4 39.Ra5 Bb5 40.h4 Kb3 41.Bf4 d3 42.h5 a3
43.g6 hxg6 44.h6 a2 45.h7 Rxh7 46.Rxb5+ Ka4 47.Rb8 Rh1 48.Ke3 a1=Q 49.Ra8+ Kb5
50.Rxa1 Rxa1 51.Kxd3 Kc5 52.Be5 Re1 53.Bc3 Re8 54.Bg7 Kd5 55.Bc3 Ra8 56.Bg7 Ra7
57.Bh8 Rb7 58.Ke3 Rb4 59.Bg7 Ke6 60.Bd4 Kf5 61.Bc5 Rb5 62.Bd6 Ke6 63.Bf4 Kd5
64.Bh6 Kc4 65.Bg7 Kb3 66.Ke2 Kc2 67.Bh6 Rc5 68.Ke3 Kc3 69.Kf2 Kd3 70.Bf4 Rb5
71.Bc1 Ra5 72.Bf4 Ra2+ 73.Kg3 Ke2 74.Kg4 Ra4 75.Kg3 Ra1 76.Bh6 Rh1 77.Bf4 Rg1+
78.Kh2 Kxf3  0-1

[Event "GMA"]
[Site "Bermuda BER"]
[Date "2003.02.02"]
[Round "8"]
[White "Vescovi,G"]
[Black "Motylev,A"]
[Result "1-0"]
[WhiteElo "2592"]
[BlackElo "2640"]

1.e4 c5 2.Nf3 e6 3.d3 Nc6 4.g3 g6 5.Bg2 Bg7 6.O-O Nge7 7.c3 e5 8.a3 O-O 9.b4 d6
10.Bb2 a6 11.Nbd2 h6 12.Nc4 Be6 13.Ne3 Rb8 14.bxc5 dxc5 15.a4 f5 16.c4 f4
17.Nd5 g5 18.Nd2 a5 19.Bf3 Qd7 20.Nb6 Qd6 21.Nd5 Nb4 22.Ra3 Bh3 23.Bg2 Bd7
24.Bf3 Ng6 25.Bg4 Be8 26.Nb1 b6 27.Nbc3 Rb7 28.Nb5 Qd8 29.Ra1 Ne7 30.Bc3 Nec6
31.Kg2 Bg6 32.Be6+ Kh8 33.g4 f3+ 34.Kh1 h5 35.Rg1 Re8 36.gxh5 Rxe6 37.hxg6 Qf8
38.Rg3 Rxg6 39.Rxf3 Qc8 40.Rf5 Rh6 41.Qf3 g4 42.Qxg4 Ne7 43.Nd6  1-0

[Event "GMA"]
[Site "Bermuda BER"]
[Date "2003.02.03"]
[Round "9"]
[White "Motylev,A"]
[Black "Svidler,P"]
[Result "1/2-1/2"]
[WhiteElo "2640"]
[BlackElo "2693"]

1.e4 c5 2.Nf3 e6 3.d4 cxd4 4.Nxd4 a6 5.Bd3 Bc5 6.Nb3 Be7 7.Qg4 g6 8.Qe2 d6
9.O-O Nd7 10.a4 Qc7 11.a5 Ngf6 12.Bh6 Bf8 13.Bxf8 Kxf8 14.f4 Kg7 15.N1d2 Rf8
16.Kh1 Rb8 17.Rae1  1/2-1/2

[Event "GMA"]
[Site "Bermuda BER"]
[Date "2003.02.04"]
[Round "10"]
[White "Volokitin,And"]
[Black "Motylev,A"]
[Result "1-0"]
[WhiteElo "2565"]
[BlackElo "2640"]

1.e4 c5 2.Nf3 d6 3.d4 cxd4 4.Nxd4 Nf6 5.Nc3 Nc6 6.Bg5 Bd7 7.Qd2 Rc8 8.O-O-O Nxd4
9.Qxd4 Qa5 10.f4 Rxc3 11.bxc3 e5 12.Qb4 Qxb4 13.cxb4 Nxe4 14.Rd5 h6 15.Bh4 g5
16.fxg5 hxg5 17.Be1 Be7 18.Ra5 a6 19.b5 Bd8 20.bxa6 Bxa5 21.a7 Ke7 22.Bxa5 Bc6
23.Bb6 Nc5 24.h4 Nd7 25.Bc7 gxh4 26.Rxh4 Ra8 27.Rh6 f6 28.Rh7+ Ke6 29.g3 Rxa7
30.Bh3+ Kd5 31.Bxd7 Bxd7 32.Rxd7 Kc6 33.Bb8 Kxd7 34.Bxa7 Kc6 35.Kd2 f5 36.Kd3 b6
37.Bb8 Kc5 38.Kc3 Kc6 39.Kb4 f4 40.gxf4 exf4 41.Kc4 f3 42.Kd3 Kd5 43.Ke3 Kc4
44.Bxd6 Kc3 45.Kxf3 Kxc2 46.Ke4 Kb2 47.a3 Kb3 48.Kd5 Ka4 49.Kc6 Ka5 50.Kb7  1-0

[Event "GMA"]
[Site "Bermuda BER"]
[Date "2003.02.05"]
[Round "11"]
[White "Motylev,A"]
[Black "Gershon,A"]
[Result "1-0"]
[WhiteElo "2640"]
[BlackElo "2571"]

1.e4 c5 2.Nf3 e6 3.d4 cxd4 4.Nxd4 Nc6 5.Nc3 Qc7 6.Be3 a6 7.Qd2 Nf6 8.f3 Ne5
9.O-O-O Bb4 10.Nb3 b5 11.Kb1 O-O 12.Nxb5 Bxd2 13.Nxc7 Bxe3 14.Nxa8 Ne8 15.Nd4 Bb7
16.Nb6 Nc7 17.Nc4  1-0

[Event "5th Open"]
[Site "Dubai UAE"]
[Date "2003.04.20"]
[Round "1"]
[White "Motylev,A"]
[Black "Taleb,M"]
[Result "1-0"]
[WhiteElo "2634"]
[BlackElo "2391"]

1.e4 c5 2.Nf3 Nc6 3.d4 cxd4 4.Nxd4 g6 5.c4 Bg7 6.Be3 Nf6 7.Nc3 O-O 8.Be2 d6
9.O-O Bd7 10.Nc2 Qc8 11.Qd2 Re8 12.f3 Nd8 13.Rac1 b6 14.Rfd1 Qb7 15.Nb4 Ne6
16.Ncd5 Rad8 17.Nxf6+ Bxf6 18.Nd5 Bg7 19.b4 Nc7 20.Nc3 Bc6 21.Rc2 Qb8 22.Bf1 Be5
23.g3 Bg7 24.Bg2 Bd7 25.Rb1 Qc8 26.a4 Bc6 27.a5 bxa5 28.b5 Bb7 29.Bxa7 Na8
30.Na4 f5 31.Qxa5 fxe4 32.fxe4 Qg4 33.Re1 Rc8 34.Bf2 Rf8 35.Qa7 Rc7 36.Qe3 Rfc8
37.c5 dxc5 38.Rxc5 Kh8 39.Rb1 h6 40.Rxc7 Nxc7 41.Nc5 Ba8 42.b6 Ne6 43.h3  1-0

[Event "5th Open"]
[Site "Dubai UAE"]
[Date "2003.04.21"]
[Round "2"]
[White "Goloshchapov,A"]
[Black "Motylev,A"]
[Result "1/2-1/2"]
[WhiteElo "2558"]
[BlackElo "2634"]

1.e4 e5 2.Nf3 Nf6 3.Nxe5 d6 4.Nf3 Nxe4 5.d4 d5 6.Bd3 Nc6 7.O-O Be7 8.c4 Nb4
9.Be2 O-O 10.a3 Nc6 11.cxd5 Qxd5 12.Nc3 Nxc3 13.bxc3 Bf5 14.Re1 Rfe8 15.Bf4 Rac8
16.c4 Qe4 17.Be3 Bf6 18.Rc1 Na5 19.Bd2 b6 20.c5 Qa8 21.Qa4 Be4 22.Bxa5 bxa5
23.Qxa5  1/2-1/2

[Event "5th Open"]
[Site "Dubai UAE"]
[Date "2003.04.26"]
[Round "7"]
[White "Motylev,A"]
[Black "Sturua,Z"]
[Result "1-0"]
[WhiteElo "2634"]
[BlackElo "2545"]

1.e4 d6 2.d4 Nf6 3.Nc3 g6 4.Bg5 Bg7 5.Qd2 O-O 6.O-O-O c6 7.Kb1 b5 8.f3 Nbd7
9.e5 Ne8 10.h4 f6 11.exf6 exf6 12.Be3 d5 13.h5 Rf7 14.hxg6 hxg6 15.g4 Nf8
16.Nh3 Re7 17.Nf4 Nc7 18.Bd3 Qe8 19.Rde1 a5 20.Bxb5 cxb5 21.Nfxd5 Nxd5 22.Nxd5 Rb7
23.Bh6 Qd8 24.Bxg7 Rxg7 25.Re8 Qxd5 26.Rh8+ Kxh8 27.Rxf8+ Qg8 28.Qh6+ Rh7
29.Rxg8+ Kxg8 30.Qxg6+ Kh8 31.Qxf6+ Rg7 32.Qf8+ Kh7 33.a3 Bb7 34.Qf5+ Kg8
35.f4 Rd8 36.Qe6+ Kh7 37.Qe5 Rd5 38.Qe4+ Kg8 39.f5 Rf7 40.Qe6 Rxd4 41.Qe8+ Rf8
42.Qe6+ Rf7 43.Qe8+ Rf8 44.Qg6+ Kh8 45.Qh5+ Kg8 46.Qg5+ Kh8 47.Qe7 Rd1+ 48.Ka2 Rf7
49.Qe8+ Kg7 50.Qe5+ Kg8 51.Qxb5 Bd5+ 52.c4 Bf3 53.Qe8+ Rf8 54.Qg6+ Kh8 55.Qh5+ Kg8
56.Qg5+ Kh8 57.Qe3 Bh1 58.Qh6+ Kg8 59.Qg6+ Kh8 60.f6 Rd7 61.Qh6+  1-0

[Event "TCh-RUS"]
[Site "Togliatti RUS"]
[Date "2003.05.17"]
[Round "2"]
[White "Filippov,Va"]
[Black "Motylev,A"]
[Result "1/2-1/2"]
[WhiteElo "2627"]
[BlackElo "2634"]

1.Nf3 d5 2.d4 Nf6 3.c4 c6 4.Nc3 dxc4 5.a4 Bf5 6.e3 e6 7.Bxc4 Bb4 8.O-O Nbd7
9.Qe2 Bg4 10.h3 Bxf3 11.Qxf3 O-O 12.Rd1 Rc8 13.e4 e5 14.Be3 Qe7 15.d5 Nb6
16.Bb3 cxd5 17.Nxd5 Nbxd5 18.Bxd5 Nxd5 19.Rxd5 Bc5 20.Rad1 Bxe3 21.Qxe3 b6
22.Qb3 Rfd8 23.Qc3 f6 24.Rd7 Kf8 25.Kh2 a5 26.g4 g5 27.h4 gxh4 28.g5 Rxc3
29.Rxd8+ Qxd8 30.Rxd8+ Ke7 31.Rh8 Rc2 32.Rxh7+ Kf8 33.g6 Rxf2+ 34.Kh3 Rxb2
35.Kxh4 Re2 36.Rf7+  1/2-1/2

[Event "TCh-RUS"]
[Site "Togliatti RUS"]
[Date "2003.05.19"]
[Round "4"]
[White "Loskutov,O"]
[Black "Motylev,A"]
[Result "0-1"]
[WhiteElo "2439"]
[BlackElo "2634"]

1.e4 c5 2.Nf3 Nc6 3.d4 cxd4 4.Nxd4 Nf6 5.Nc3 d6 6.Bg5 Qb6 7.Nb3 e6 8.Qd2 a6
9.O-O-O Be7 10.f3 O-O 11.h4 Rd8 12.h5 Qc7 13.h6 g6 14.Qf4 Ne8 15.Bxe7 Qxe7
16.Qe3 b5 17.g4 Qa7 18.Qe1 b4 19.Ne2 Qe3+ 20.Nd2 a5 21.f4 a4 22.Qg3 Qa7 23.Qg1 Qc7
24.Kb1 Ba6 25.Nd4 Rdc8 26.Rc1 Bxf1 27.Nxf1 Na5 28.Ne3 a3 29.f5 axb2 30.Rf1 Nc4
31.fxe6 Nd2+ 32.Kxb2 Rxa2+ 33.Kc1 Nxf1 34.exf7+ Qxf7 35.Nxf1 b3  0-1

[Event "TCh-RUS"]
[Site "Togliatti RUS"]
[Date "2003.05.23"]
[Round "8"]
[White "Korchnoi,V"]
[Black "Motylev,A"]
[Result "1/2-1/2"]
[WhiteElo "2632"]
[BlackElo "2634"]

1.d4 d5 2.c4 c6 3.Nf3 Nf6 4.Qb3 dxc4 5.Qxc4 Bf5 6.g3 e6 7.Bg2 Nbd7 8.O-O Be7
9.Qb3 Qb6 10.Nbd2 O-O 11.Nc4 Qa6 12.Bf4 Nb6 13.Nfe5 Rfd8 14.Rfd1 Be4 15.Bxe4 Nxe4
16.Qc2 Nf6 17.b3 Nbd5 18.Bd2 Rac8 19.e4 Nb4 20.Bxb4 Bxb4 21.Nd3 Bf8 22.Nc5 Qb5
23.b4 b6 24.a4 Qxb4 25.Rab1 bxc5 26.Rxb4 cxb4 27.Kg2 Nd5 28.Rd2 Nc3 29.Ne3  1/2-1/2

[Event "TCh-RUS"]
[Site "Togliatti RUS"]
[Date "2003.05.24"]
[Round "9"]
[White "Motylev,A"]
[Black "Malakhov,V"]
[Result "1-0"]
[WhiteElo "2634"]
[BlackElo "2672"]

1.e4 c5 2.Nf3 Nc6 3.d4 cxd4 4.Nxd4 g6 5.c4 Nf6 6.Nc3 d6 7.Be2 Nxd4 8.Qxd4 Bg7
9.Bg5 O-O 10.Qd2 Be6 11.O-O Qa5 12.Rad1 Rfc8 13.b3 Kf8 14.Kh1 a6 15.f4 Rab8
16.Bf3 b5 17.e5 Ng8 18.g4 dxe5 19.f5 gxf5 20.gxf5 Bxf5 21.Bd5 Bg6 22.Bxf7 Bxf7
23.Rxf7+ Kxf7 24.Qd5+ Kf8 25.Bxe7+ Nxe7 26.Rf1+ Ke8 27.Qf7+ Kd7 28.Rd1+ Kc6
29.Qxe7 Qc7 30.Qe6+ Kc5 31.b4+ Kxb4 32.Nd5+ Ka5 33.Nxc7 Rxc7 34.Qd6 Rbc8
35.Qa3+ Kb6 36.Rd6+ Rc6 37.c5+ Kb7 38.Rd7+ R8c7 39.Rxc7+ Rxc7 40.Qf3+ Kb8
41.Qd5 Bf6 42.c6 Be7 43.Qg8+ Rc8 44.Qxh7 Rc7 45.Qg8+ Rc8 46.Qg7 Rc7 47.Qxe5 b4
48.Kg2 a5 49.Kg3 a4 50.Qb5+ Ka7 51.Qa5+ Kb8 52.Qb6+ Kc8 53.Qa6+ Kb8 54.Qxa4 Bd6+
55.Kg4 Bxh2 56.Qxb4+ Ka8 57.Qf8+  1-0

[Event "4th IECC"]
[Site "Istanbul TUR"]
[Date "2003.05.30"]
[Round "1"]
[White "Godena,M"]
[Black "Motylev,A"]
[Result "1/2-1/2"]
[WhiteElo "2527"]
[BlackElo "2634"]

1.e4 e5 2.Bc4 Nf6 3.d3 c6 4.Nf3 d5 5.Bb3 Bd6 6.Nc3 dxe4 7.Ng5 O-O 8.Ncxe4 Nxe4
9.Nxe4 Bf5 10.Qf3 Bxe4 11.dxe4 Nd7 12.c3 Nc5 13.Bc2 a5 14.O-O b5 15.Rd1 Qe7
16.Be3 Rfd8 17.Qg4 a4 18.Bg5 f6 19.Be3 Kh8 20.Rd2  1/2-1/2

[Event "4th IECC"]
[Site "Istanbul TUR"]
[Date "2003.05.31"]
[Round "2"]
[White "Motylev,A"]
[Black "Roiz,M"]
[Result "1/2-1/2"]
[WhiteElo "2634"]
[BlackElo "2529"]

1.e4 c6 2.d4 d5 3.Nc3 dxe4 4.Nxe4 Bf5 5.Ng3 Bg6 6.h4 h6 7.Nf3 e6 8.Ne5 Bh7
9.Bd3 Bxd3 10.Qxd3 Nd7 11.f4 Ngf6 12.Bd2 Bd6 13.O-O-O Qc7 14.Ne2 h5 15.Qf3 Rc8
16.Bc3 b5 17.f5 O-O 18.fxe6 Nxe5 19.dxe5 Bxe5 20.Bxe5 Qxe5 21.Nf4 Qf5 22.exf7+ Rxf7
23.Rhf1 Ng4 24.Qb3 c5 25.Rd5 Qe4 26.g3 Qe3+  1/2-1/2

[Event "4th IECC"]
[Site "Istanbul TUR"]
[Date "2003.06.01"]
[Round "3"]
[White "Guliev,S"]
[Black "Motylev,A"]
[Result "1-0"]
[WhiteElo "2524"]
[BlackElo "2634"]

1.d4 d5 2.c4 c6 3.Nf3 Nf6 4.Nc3 dxc4 5.a4 Bf5 6.e3 e6 7.Bxc4 Bb4 8.O-O Nbd7
9.Qe2 Bg4 10.Rd1 Qa5 11.e4 Qh5 12.Bf4 O-O 13.Qe3 Bxf3 14.Qxf3 Qxf3 15.gxf3 a5
16.Kg2 Rfe8 17.Be3 Rac8 18.Rac1 Red8 19.Ne2 Kf8 20.Bg5 h6 21.Be3 Ne8 22.Nf4 Bd6
23.Nd3 Bc7 24.Ba2 Bb6 25.Kf1 Nc7 26.Ke2 Na6 27.Bc4 Ndb8 28.Ne5 Nb4 29.f4 Nd7
30.Rd2 Nf6 31.f3 Nbd5 32.exd5 cxd5 33.b3 dxc4 34.bxc4 Nd5 35.cxd5 Rxc1 36.Rb2 Bxd4
37.Bxd4 Rxd5 38.Be3 Rc7 39.Bb6 Rc3 40.Be3 f6 41.Bd2 Rc7 42.Nd3 Rh5 43.Ke3 Rc4
44.Rxb7 Rxa4 45.Rc7 Kg8 46.Bc3 Ra3 47.Kd4 Ra4+ 48.Ke3 Rxh2 49.Nc5 Raa2 50.Kd3 Rhg2
51.Nxe6 h5 52.f5 h4 53.Nf4 h3 54.Ng6 Kh7 55.Bxf6 Rxg6 56.fxg6+ Kxg6 57.Bd4 h2
58.Rxg7+ Kf5 59.Rh7 Kf4 60.Rf7+ Kg5 61.Rh7 Kf4 62.Rh3 a4 63.Be3+ Kf5 64.Bd2 a3
65.Rxh2  1-0

[Event "4th IECC"]
[Site "Istanbul TUR"]
[Date "2003.06.02"]
[Round "4"]
[White "Motylev,A"]
[Black "Meijers,V"]
[Result "1/2-1/2"]
[WhiteElo "2634"]
[BlackElo "2512"]

1.e4 e5 2.Nf3 Nf6 3.Nxe5 d6 4.Nf3 Nxe4 5.d4 d5 6.Bd3 Bd6 7.O-O O-O 8.Re1 Re8
9.c4 c6 10.Nc3 Nxc3 11.bxc3 Rxe1+ 12.Qxe1 h6 13.Ne5 Nd7 14.f4 Nxe5 15.dxe5 Bc5+
16.Be3 dxc4 17.Bxc4 Qb6 18.Bf2 Be6 19.Bxe6  1/2-1/2

[Event "4th IECC"]
[Site "Istanbul TUR"]
[Date "2003.06.05"]
[Round "6"]
[White "Motylev,A"]
[Black "Tzermiadianos,And"]
[Result "1-0"]
[WhiteElo "2634"]
[BlackElo "2428"]

1.e4 c5 2.Nf3 Nc6 3.d4 cxd4 4.Nxd4 Nf6 5.Nc3 e5 6.Ndb5 d6 7.Bg5 a6 8.Na3 b5
9.Bxf6 gxf6 10.Nd5 f5 11.Bd3 Be6 12.Qh5 Rg8 13.g3 Rg4 14.f4 exf4 15.Nxf4 Rxf4
16.gxf4 Qa5+ 17.Kd1 Qb4 18.exf5 Bd5 19.Re1+ Kd7 20.f6 Ne5 21.fxe5 Qxb2 22.Rc1 Qxa3
23.e6+ fxe6 24.Qxh7+ Kc6 25.c4 Bf3+ 26.Kd2 Ra7 27.Qxa7 Bh6+ 28.Re3 Qa5+ 29.Rc3 b4
30.Rb3 Bg2 31.Qa8+ Kc7 32.Qxg2 Qe5 33.Qf2  1-0

[Event "4th IECC"]
[Site "Istanbul TUR"]
[Date "2003.06.06"]
[Round "7"]
[White "Svetushkin,D"]
[Black "Motylev,A"]
[Result "1/2-1/2"]
[WhiteElo "2543"]
[BlackElo "2634"]

1.d4 d5 2.c4 c6 3.Nf3 Nf6 4.Nc3 dxc4 5.a4 Bf5 6.Ne5 Nbd7 7.Nxc4 Nb6 8.Ne5 a5
9.f3 Nfd7 10.e4 Nxe5 11.dxe5 Qxd1+ 12.Kxd1 Be6 13.Kc2 Bc4 14.Be3 Bxf1 15.Rhxf1 Nc4
16.Bd4 e6 17.b3 O-O-O 18.Rfd1 Rxd4 19.Rxd4 Ne3+ 20.Kb2 Nxg2 21.Nb5 Nf4 22.Rad1 cxb5
23.Rc1+ Kb8 24.Rd8+ Ka7 25.Rcc8 Ng6 26.f4 bxa4 27.bxa4 h5 28.f5 Nxe5 29.Rxf8 Rh6
30.Kc3 Kb6 31.fxe6 fxe6 32.Rh8 Rf6 33.Rcf8 Rxf8 34.Rxf8 Kc5 35.Re8 Kd6 36.Rg8 g6
37.Kd4 Nf3+ 38.Ke3 Nxh2 39.Rxg6 Ng4+ 40.Kf4 Ne5 41.Rh6 Nd3+ 42.Ke3 Nc5 43.Rxh5 b6
44.Rh4 Ke5 45.Rh5+ Kd6 46.Rh4 Ke5 47.Rh5+ Kd6 48.Rh4 Ke5 49.Rh5+  1/2-1/2

[Event "4th IECC"]
[Site "Istanbul TUR"]
[Date "2003.06.06"]
[Round "7"]
[White "Svetushkin,D"]
[Black "Motylev,A"]
[Result "1/2-1/2"]
[WhiteElo "2543"]
[BlackElo "2634"]

1.d4 d5 2.c4 c6 3.Nf3 Nf6 4.Nc3 dxc4 5.a4 Bf5 6.Ne5 Nbd7 7.Nxc4 Nb6 8.Ne5 a5
9.f3 Nfd7 10.e4 Nxe5 11.dxe5 Qxd1+ 12.Kxd1 Be6 13.Kc2 Bc4 14.Be3 Bxf1 15.Rhxf1 Nc4
16.Bd4 e6 17.b3 O-O-O 18.Rfd1 Rxd4 19.Rxd4 Ne3+ 20.Kb2 Nxg2 21.Nb5 Nf4 22.Rad1 cxb5
23.Rc1+ Kb8 24.Rd8+ Ka7 25.Rcc8 Ng6 26.f4 bxa4 27.bxa4 h5 28.f5 Nxe5 29.Rxf8 Rh6
30.Kc3 Kb6 31.fxe6 fxe6 32.Rh8 Rf6 33.Rcf8 Rxf8 34.Rxf8 Kc5 35.Re8 Kd6 36.Rg8 g6
37.Kd4 Nf3+ 38.Ke3 Nxh2 39.Rxg6 Ng4+ 40.Kd4 Ne5 41.Rh6 Nf3+ 42.Ke3 Ne5 43.Rxh5 b6
44.Rh4  1/2-1/2